Các khái niệm nửa liên tục của ánh xạ đa trị và áp dụng vào nghiên cứu ổn định : Luận văn tốt nghiệp cao học. Ngành Toán giải tích

Nội dung đề tài là tổng quan và hệ thống lại các kết quả mới nhất trên các bài báo quốc tế về các khái niệm nửa liên tục của ánh xạ đa trị đồng thời làm rõ mối liên hệ giữa các khái niệm nửa liên tục này với nhau. Từ đó, thiết...

Full description

Saved in:
Bibliographic Details
Main Author: Trần, Quốc Duy
Format: Book
Language:Undetermined
Published: Cần Thơ Trường Đại học Cần Thơ 2009
Subjects:
Tags: Add Tag
No Tags, Be the first to tag this record!
Institutions: Trung tâm Học liệu Trường Đại học Cần Thơ
LEADER 01420nam a2200217Ia 4500
001 CTU_152070
008 210402s9999 xx 000 0 und d
082 |a 515 
082 |b D523 
088 |a 604601 
100 |a Trần, Quốc Duy 
245 0 |a Các khái niệm nửa liên tục của ánh xạ đa trị và áp dụng vào nghiên cứu ổn định : 
245 0 |b Luận văn tốt nghiệp cao học. Ngành Toán giải tích 
245 0 |c Trần Quốc Duy; Trần Thị Huệ Nương (cán bộ hướng dẫn) 
260 |a Cần Thơ 
260 |b Trường Đại học Cần Thơ 
260 |c 2009 
520 |a Nội dung đề tài là tổng quan và hệ thống lại các kết quả mới nhất trên các bài báo quốc tế về các khái niệm nửa liên tục của ánh xạ đa trị đồng thời làm rõ mối liên hệ giữa các khái niệm nửa liên tục này với nhau. Từ đó, thiết lập điều kiện đủ để tập nghiệm của các bài toán bao hàm tựa biến phân có được những tính chất nửa liên tục liên quan này. 
650 |a Multivariate analysis,Giải tích đa trị 
904 |i Năm, Ái 
980 |a Trung tâm Học liệu Trường Đại học Cần Thơ